LEADER 00901nam a2200217 i 4500 001 000000251658 003 CaOOAMICUS 005 20251008115022.0 008 161124s1816 it u000 u ita u 013 $a230563 026 $ae;a- tai- he,e sora (3) 1816 (R) 040 $aSeMil$bita 110 1 $aAustria$c.$0(OLS)http://semarc/name/2835 245 10$aCodice civile universale austriaco versione ufficiale colle citazioni delle leggi romane. 260 $aVenezia :$bPer Gio. Parolari,$c1816. 300 $aVIII, 326, [2] p. ;$c16°. 850 $aSeMil 852 $aSeMil$W1$xVenegono$y1$m3N I 45 FA$j202004$B202004$CSeMilBibl$Z2$F214433 $8I 996 $6245$aCodice civile universale austriaco versione ufficiale colle citazioni delle leggi romane$9(OLS)http://semarc/title/353884 996 $6260$aVenezia :$bPer Gio. Parolari$9(OLS)http://semarc/publisher/55466 LEADER 01347nam a2200301 i 4500 001 000000188341 003 CaOOAMICUS 005 20100423000000.0 008 100423s2007 it u000 u ita u 013 $a166519 020 $a978-88-8353-594-9 040 $aSeMil$bita 100 1 $aFraser, Nancy.$0(OLS)http://semarc/name/68993 240 10$aUmverteilung oder Anerkennung?.$0(OLS)http://semarc/title/271032 245 10$aRedistribuzione o riconoscimento? Una controversia politico-filosofica /$cNancy Fraser, Axel Honneth. 260 $aRoma :$bMeltemi,$ccopyr. 2007. 300 $a333 p. ;$c19 cm. 490 0 $aUniversale Meltemi. Filosofia ;$v43 500 $aContiene : Bibliografia. 650 4$aGiustizia - Aspetti morali.$0(OLS)http://semarc/subject/35436 700 1 $aHonneth, Axel.$0(OLS)http://semarc/name/68994 830 0$aUniversale Meltemi. Filosofia ;$v43.$0(OLS)http://semarc/title/31209 850 $aSeMil 852 $aSeMil$W1$xVenegono$y1$m178 8 43 *$j138997$B138997$CSeMilBibl$Z2$F150580 $81 961 $aAcquisto: Àncora (Libreria) 996 $6020$a978-88-8353-594-9$9(OLS)http://semarc/number/178889 996 $6245$aRedistribuzione o riconoscimento? Una controversia politico-filosofica$9(OLS)http://semarc/title/271031 996 $6260$aRoma :$bMeltemi$9(OLS)http://semarc/publisher/31774